000 00946nam a2200301Ia 4500
001 A2039
003 IT-RoPAU
008 130308s9999 xx 000 0 und d
040 _aIT-RoPAU
040 _cIT-RoPAU
041 _aFRANCESE
100 _aAgee K. Warren
100 _gCodice Aut. SPICS: 10069
245 _aSecretariat de redaction (Le)
245 _bJournalisme et Tiers Monde-Guide Pratique
250 _a1a ed.
260 _aBRUXELLES
260 _bDe Boeck/Wesmael
260 _c1989 [1° Ed.:1989 - Ed.Ling.Originale:1989]
300 _a"10 p. (prefazione: no ; testo: 10 [pagine: 121-130])"
500 _aSegretariato di Redazione. Segretario di Redazione: Doveri, Qualità e Suoi Strumenti. preparazione degli Articoli e dei Titoli. redazione dei Dispacci di Agenzia.
650 _aSAGGI DI GIORNALISMO
650 _eCodice materia Spics: 7061
942 _cBK
957 _71
999 _c60941
_d60941
999 _bSI
999 _g1